Reviewing English Grammar / Intermediate - Advanced Level (Record no. 4210)
[ view plain ]
| 000 -LEADER | |
|---|---|
| fixed length control field | 00930cam a22001814a 4500 |
| 005 - ΗΜΕΡΟΜΗΝΙΑ ΚΑΙ ΩΡΑ ΤΕΛΕΥΤΑΙΑΣ ΕΝΗΜΕΡΩΣΗΣ | |
| Πεδίο ελέγχου | 20250605164139.0 |
| 008 - FIXED-LENGTH DATA ELEMENTS--GENERAL INFORMATION | |
| Πεδίο ελέγχου σταθερού μήκους | 250528s ||||||||||||||||||||||||d |
| 035 ## - SYSTEM CONTROL NUMBER | |
| System control number | 18909 |
| 040 ## - ΠΗΓΗ ΚΑΤΑΛΟΓΟΓΡΑΦΗΣΗΣ | |
| Φορέας πρωτότυπης καταλογογράφησης | MC Athens Campus Library |
| Γλώσσα καταλογογράφησης | Ελληνικά, Μοντέρνα (1453-) |
| Modifying agency | MC Athens Campus Library |
| Κανόνες περιγραφικής καταλογογράφησης | AACR2 |
| 245 1# - ΤΙΤΛΟΣ ΚΑΙ ΔΗΛΩΣΗ ΥΠΕΥΘΥΝΟΤΗΤΑΣ | |
| Τίτλος | Reviewing English Grammar / Intermediate - Advanced Level |
| 260 ## - PUBLICATION, DISTRIBUTION, ETC. | |
| Date of publication, distribution, etc. | 1990 |
| 300 ## - PHYSICAL DESCRIPTION | |
| Extent | 268 |
| 520 ## - SUMMARY, ETC. | |
| Summary, etc. | Articles, Nouns, Adjectives, Adverbs, Pronouns, Conjuctions, Prepositions, Prepositional Adverbs or Adverb Particles, Verbs, Auxiliary Verbs, Auxiliary Defective Verbs, Modal Verbs, Moods, Imperative Mood, Subjunctive Mood, Had Better - Would Rather, Tail Question or Question Tags, Exclamations, Wishes and Regrets, Word Order, Clauses, Phrases, Sentence, Concord, Numerals, Conditional Sentences, Direct and Indirect Speech, Passive Voice, Do - Make, Say - Tell, Phrasal Verbs, Phrasal Nouns. |
| 700 1# - ΠΡΟΣΘΕΤΗ ΑΝΑΓΡΑΦΗ--ΦΥΣΙΚΟ ΠΡΟΣΩΠΟ | |
| Personal name | Terzoglou Elli |
| 9 (RLIN) | 5193 |
| 942 ## - ADDED ENTRY ELEMENTS (KOHA) | |
| Koha item type | Books |
| Τύπος τεκμηρίου | Βιβλιοθήκη | Τρέχουσα τοποθεσία | Barcode | Αριθμός εισαγωγής | Ημερομηνία απόκτησης | Ταξιθετικό σύμβολο | Αριθμός αντιτύπου | Κατάσταση απόσυρσης | Κατάσταση χαμένου | Κατάσταση κατεστραμμένου | Μη δανεισμός | Σύνολο δανεισμών | Ημερομηνία τελευταίας εμφάνισης | Η τιμή ισχύει από |
|---|---|---|---|---|---|---|---|---|---|---|---|---|---|---|
| Books | MC Athens Campus Library | MC Athens Campus Library | 9780000042095 | 3831 | 05/06/2025 | 425 TER | 2 | 05/06/2025 | 05/06/2025 |